Statistics for Name That Pokémon!

Click here to take the quiz!

General Stats

  • This quiz has been taken 4,003 times
  • The average score is 16 of 19

Answer Stats

HintAnswer% Correct
This small "electric mouse" is Ash's first Pokémon.Pikachu
99%
A large, red, fire-breathing dragon.Charizard
97%
This small, brown, fluffy Pokémon is famous for having many, many evolutions.Eevee
95%
A small, green Pokémon with a bulb on its back. #1 in the Pokédex.Bulbasaur
94%
One of the three legendary birds; an Ice-type.Articuno
91%
A nearly useless, orange fish that evolves into a very powerful Pokémon.Magikarp
90%
This Pokémon clearly resembles a Pokéball, and is commonly mistaken for one.Voltorb
90%
This enormous Pokémon is very lazy and can only be awakened with the PokéFlute.Snorlax
89%
An adorable pink Pokémon that lulls its opponents to sleep by singing.Jigglypuff
88%
An enormous, serpentine Pokémon made of rocks.Onix
88%
This Pokémon is a pink blob that can transform into any other Pokémon.Ditto
85%
A large, pink Pokémon with a very long tongue.Lickitung
78%
A large flock of these small, fierce birds chase down Ash in the very first episode of the anime.Spearow
78%
This legendary, purple Pokémon was created in a laboratory.Mewtwo
75%
A small, spherical Pokémon with magnets on either end of its body and a screw on its head.Magnemite
74%
The only move that this small Psychic-type Pokémon can learn naturally is Teleport.Abra
72%
This Pokémon is a mass of vines.Tangela
71%
This purple Poison-type Pokémon is somewhat spherical and emits toxic fumes.Koffing
69%
A Pokémon that resembles a palm tree, with leafy fronds on top of its head.Exeggutor
59%

Score Distribution

Percentile by Number Answered

Percent of People with Each Score

Your Score History

You have not taken this quiz